000 00425nam a22001697a 4500
003 LK-CoDNM
005 20241219143642.0
008 241219b |||||||| |||| 00| 0 eng d
040 _aLK-CoDNM
_dLK-CoDNM
_eLK-CoDNM
041 _aeng
080 _a2
_bJ1
245 _aCephalopodes Acetabuliferes
260 _aParis
_bNationale de Medecine
_c1835 - 1848
300 _a95p. : 29 cm
650 _aScience
942 _cBK
999 _c233712
_d233712